Optický vláknový teplomer

Bibliographic Details
Corporate Author: Žilinská univerzita v Žiline (Patent holder)
Other Authors: Káčik, Daniel (Originator), Martinček, Ivan (Originator), Turek, Ivan, 1944-2016 (Originator)
Format: Book
Language:Slovak
PhysicalDescription:4 s. obr. 30 cm
Published: [Banská Bystrica] Úrad priemyselného vlastníctva SR [2015]
Subjects:

MARC

LEADER 00000cam a2200000 a 4500
001 vtls010964829
003 SK-MaSNL
005 20260331210727.0
008 160430s2015 xo a j f000 0 slo
013 |a 288309  |b xo  |c patent  |d 20150826  |e dátum sprístupnenia patentu 
013 |a 62-2011  |e číslo prihlášky  |d 20110622  |e dátum podania prihlášky  |d 20130102  |e dátum zverejnenia prihlášky (Vestník ÚPV SR č.: 1/2013) 
015 |a SNBN2015 
040 |a SNK  |b slo  |c SNK  |e AACR2 
041 0 |a slo 
044 |a xo  |c SK 
072 7 |a 536  |x Teplo. Termodynamika  |2 konspekt 
080 |a 536.5  |2 2011 
080 |a 536.51  |2 2011 
084 |a G01K 11/00  |2 IPC 
100 1 |a Káčik, Daniel  |4 org  |9 424866 
245 1 0 |a Optický vláknový teplomer  |c Daniel Káčik, Ivan Martinček, Ivan Turek 
260 |a [Banská Bystrica]  |b Úrad priemyselného vlastníctva SR  |c [2015] 
300 |a 4 s.  |b obr.  |c 30 cm 
650 0 7 |a meranie teploty  |2 SNKPH  |9 26965 
650 0 7 |a Temperature measurement  |2 SNKPHeng  |9 323725 
650 0 7 |a teplomery  |2 SNKPH  |9 17693 
650 0 7 |a Thermometers  |2 SNKPHeng  |9 355056 
655 7 |a patenty  |2 SNKPH  |9 177343 
655 7 |a patent licenses  |2 SNKPHeng  |9 303430 
700 1 |a Martinček, Ivan  |4 org  |9 316388 
700 1 |a Turek, Ivan,  |d 1944-2016  |4 org  |9 213793 
710 2 |a Žilinská univerzita v Žiline  |4 pth  |9 165741 
999 |c 1015613  |d 1017543 
952 |a SNK  |b SNK  |y PREZ  |7 0  |p 17A1173357  |o snkSK 288309  |i snk2015/19485  |8 0  |0 0  |1 0  |4 0  |d 2015-10-26  |l 0  |r 2026-02-24 13:07:10  |w 2026-02-24